Сообщение начальника Главного управления контрразведки "СМЕРШ" В. С. Абакумова в ГКО СССР о захвате под Сталинградом пересыльног...

RUSMARC
00004605cbm0a2200289#x 450
001a890c916-32e2-4e99-b61d-42e5720a4248
00520240603143919.0
100##$a20240531j19430902k###0rusy50 ca
1010#$arus
102##$aRU
105##$ay###z########
1220#$ad19430902##
2001#$aСообщение начальника Главного управления контрразведки "СМЕРШ" В. С. Абакумова в ГКО СССР о захвате под Сталинградом пересыльного лагеря военнопленных "Дулаг-205"
$j2 сентября 1943 г.
251##$cДокумент
300##$aКопия
461#0$12001
$aФ. 14ос.
$1251
$cФонд
$1852
$j14ос.
462#0$12001
$aОп. 1
$1251
$cОпись
$1852
$j1
462#0$12001
$aД. 5
$vЛ. 368-375
$1251
$cДело
$1852
$j5
60102$2nlr_sh
$3RU\NLR\AUTH\6601734594
$aСССР
$bНародный комиссариат обороны
$bГлавное управление контрразведки "СМЕРШ"
$xИстория
$z1943 - 1945
$jДокументы и материалы
605##$2prlib_sh
$3LIBNET\UAF\0000088514
$aВторая мировая война в архивных документах (Комплекс оцифрованных архивных документов, кино- и фотоматериалов)
$lколлекция
6061#$2nlr_sh
$3RU\NLR\AUTH\661510240
$aВеликая Отечественная война
$z1941 - 1945
$xОккупированные районы
$yСталинградская область
$jДокументы и материалы
686##$a63.3(2)622,13ю1
$vLBC/M
$2rubbk
801#0$aRU
$bПБ им. Б.Н. Ельцина
$c20240531
801#1$aRU
$bПБ им. Б.Н. Ельцина
$c20240531
$2rusmarc
801#2$aRU
$bПБ им. Б.Н. Ельцина
$c20240603
$2rusmarc
850##$aЦентральный архив Федеральной службы безопасности России
852##$aЦА ФСБ России
$jЛ. 368-375
035##$aLIBNET\0001402956
937##$d192182046
$hФедеральное архивное агентство
8564#$uhttp://readingroom.main.prlib.ru/item.aspx?id_node=n192182046&mode=full
Формат отображения